00730nam a2200241 a 4500001001300000003000900013005001700022008004100039020002300080082001700103100002000120245005100140260003700191300000900228500003500237505002400272650002200296700002000318902000800338942000700346952011800353999001700471nice12345678IN_TiNIC20260116014222.0050524s2005 dela grp 000 0 eng  a8183242 c69500a291.172bDSO aD`Souza, Albert aStudies in Religious Imagination and Symbolism aDelhibMittal Publication c2005 a321p aincludes index and biblioraphy2 aBibliography, Index aSymbols-Religions1 aD`Souza, Albert bSRS cBK 001040708StackRoom-aHMIbHMId2009-02-25g695.00l0o291.172 DSOp021353r2009-02-25v695.00w2005-05-24yBK c14379d14379